000 00626nam a2200181 i 4500
001 23748
003 ES-MaACL
007 t|
008 021212s1974 mx ||||1| spa d
100 1 _aAnderson, Charles W.
_921442
245 1 0 _aCambio político y económico en la América Latina /
_cCharles W. Anderson ; [traducción de Guillermo Cárdenas y J.L. Pérez Hernández].
250 _a[1ª ed.].
260 _aMéxico :
_bFondo de Cultura Económica,
_c[1974]
300 _a417 p. ;
_c21 cm.
700 1 _aCárdenas, Guillermo.
_935139
700 1 _aPérez Hernández, J. L.
_990931
852 _aES-MaACL
_jE-7093
_bR.91374
999 _c23748
_d23748